Belvedere Court Management Ltd v Frogmore Developments Ltd (Record no. 6297)
[ view plain ]
| 000 -LEADER | |
|---|---|
| fixed length control field | 01415cab a2200229 4500 |
| 001 - CONTROL NUMBER | |
| control field | ABS54373 |
| 008 - FIXED-LENGTH DATA ELEMENTS--GENERAL INFORMATION | |
| fixed length control field | 090401t1996 xxu||||| |||| 00| 0 eng d |
| 035 ## - SYSTEM CONTROL NUMBER | |
| System control number | (Sirsi) u10018 |
| 041 ## - LANGUAGE CODE | |
| Language code of text/sound track or separate title | eng |
| 245 ## - TITLE STATEMENT | |
| Title | Belvedere Court Management Ltd v Frogmore Developments Ltd |
| 260 ## - PUBLICATION, DISTRIBUTION, ETC. | |
| Date of publication, distribution, etc. | 1996 |
| 350 ## - PRICE (NR) (BK AM CF MU VM SE) [OBSOLETE] | |
| Price | 0 |
| 490 ## - SERIES STATEMENT | |
| Series statement | Estates Gazette |
| Volume/sequential designation | 1996 05 EG 131-140(10) |
| 520 ## - SUMMARY, ETC. | |
| Summary, etc. | CA 24 October 1995. Frogmore (F) contracted to purchase the leasehold interests of L in a block of flats, sublet to tenants. L did not serve notice on the tenants prior to contract. F served notice on the tenants and some tenants served counternotices. The majority of qualifying tenants wished to exercise their right of first refusal. They served a purchase notice on F nominating B as nominee purchaser. F denied the validity of the notice. CA considered an appeal by F as to whether B was entitled to acquire the interest acquired by F from L unincumbered by the leases subsequently granted to A Ltd. Appeal allowed to limited extent of varying the declaration so that B was entitled to acquire the 99-year lease acquired by F from L subject to the leases granted to A Ltd. |
| 650 ## - SUBJECT ADDED ENTRY--TOPICAL TERM | |
| Topical term or geographic name entry element | LANDLORD AND TENANT ACT 1987 PART I |
| 650 ## - SUBJECT ADDED ENTRY--TOPICAL TERM | |
| Topical term or geographic name entry element | REVERSIONARY LEASES |
| 650 ## - SUBJECT ADDED ENTRY--TOPICAL TERM | |
| Topical term or geographic name entry element | RIGHT OF FIRST REFUSAL |
| 650 ## - SUBJECT ADDED ENTRY--TOPICAL TERM | |
| Topical term or geographic name entry element | TRANSFER OF LEASE |
| 690 ## - LOCAL SUBJECT ADDED ENTRY--TOPICAL TERM (OCLC, RLIN) | |
| Topical term or geographic name as entry element | LANDLORD AND TENANT-CASE LAW-RESIDENTIAL TENANCIES |
| 942 ## - ADDED ENTRY ELEMENTS (KOHA) | |
| Suppress in OPAC | 0 |
| 948 ## - LOCAL PROCESSING INFORMATION (OCLC); SERIES PART DESIGNATOR (RLIN) | |
| c (OCLC) | 04/03/1997 |
| Withdrawn status | Lost status | Source of classification or shelving scheme | Damaged status | Not for loan | Home library | Current library | Shelving location | Date acquired | Total Checkouts | Full call number | Barcode | Date last seen | Copy number | Price effective from | Koha item type |
|---|---|---|---|---|---|---|---|---|---|---|---|---|---|---|---|
| Dewey Decimal Classification | London | London | Journal article | 14/09/1999 | ABS54373 | 10018-1001 | 06/08/2019 | 1 | 06/08/2019 | Law report |